000 00661nam a2200241Ia 4500
003 OSt
005 20220927111250.0
006 a|||||r|||| 00| 0
007 ta
008 220926b |||||||| |||| 00| 0 eng d
024 _a92283
037 _cReports
040 _aRTL
_cRTL
_beng
041 _2eng
_aeng
082 _a"X9(D35):4.2.N8, M1"
111 _aTransport Panel on Cement Industry
_9381782
245 0 _aReport
260 _aNew
_bDelhi Transport Panel on Cement Industry India
_c1981
300 _a60p.
_ccm.
650 _aCement Industry
942 _h"X9(D35):4.2.N8, M1"
_cCC
999 _c698913
_d698913